[Event "DEN-ch KP Gr2"]
[Site "Svendborg"]
[Date "2023.04.05"]
[Round "5"]
[White "Silcowitz, Magnus"]
[Black "Rasmussen, Erik Elmer"]
[Result "0-1"]
[WhiteElo "1435"]
[BlackElo "1495"]
[PlyCount "118"]
[EventDate "2023.04.05"]
[EventType "swiss"]
[EventRounds "5"]
[EventCountry "DEN"]
[SourceTitle "CBM 213 Extra"]
[Source "ChessBase"]
[SourceDate "2023.05.31"]
[SourceVersion "1"]
[SourceVersionDate "2023.05.31"]
[SourceQuality "1"]

1. d4 Nf6 2. c4 e6 3. Nc3 Bb4 4. Qc2 c5 5. a3 Qa5 6. Rb1 Bxc3+ 7. Qxc3 Qxc3+ 8. bxc3 Nc6 9. Nf3 d6 10. Bf4 Ne4 11. Rc1 Na5 12. e3 f6 13. Bd3 e5 14. Bxe4 exf4 15. Bd5 fxe3 16. fxe3 Rb8 17. Rb1 b6 18. 0-0 Bb7 19. Nd2 Bxd5 20. cxd5 Kd7 21. c4 cxd4 22. exd4 Rbc8 23. Rfc1 Rhe8 24. Kf2 Re7 25. Rc2 Ke8 26. Rbc1 Nb7 27. Nb3 Rec7 28. a4 a5 29. g4 Nd8 30. c5 dxc5 31. dxc5 bxc5 32. Nxa5 Kd7 33. Nc4 Rb8 34. a5 Rb5 35. Ra1 Ra7 36. Rca2 Nb7 37. Nb6+ Kc7 38. Nc4 Ra6 39. h4 Nd6 40. Nxd6 Kxd6 41. Kf3 Rb3+ 42. Ke4 Rb4+ 43. Kf5 Rd4 44. Rb2 Kxd5 45. Rb6 Rxb6 46. axb6 Rb4 47. Ra7 g6+ 48. Kxf6 Rxb6+ 49. Kg5 c4 50. Kh6 c3 51. Ra1 Rb7 52. Rc1 Rc7 53. g5 c2 54. h5 gxh5 55. Kxh5 Kd4 56. Kh6 Kc3 57. Rh1 Kb2 58. Rg1 Rd7 59. Rg2 Kb1 0-1

[Event "DEN-ch Kort 1-3"]
[Site "Svendborg"]
[Date "2019.04.15"]
[Round "5"]
[White "Rasmussen, Erik Elmer"]
[Black "Knudsen, Philip Uhre"]
[Result "1/2-1/2"]
[WhiteElo "1530"]
[BlackElo "1414"]
[PlyCount "67"]
[EventDate "2019.04.13"]
[EventType "swiss"]
[EventRounds "5"]
[EventCountry "DEN"]
[SourceTitle "EXT 2023"]
[Source "ChessBase"]
[SourceDate "2022.10.05"]
[SourceVersion "1"]
[SourceVersionDate "2022.10.05"]
[SourceQuality "1"]

1. c4 c5 2. Nc3 Nf6 3. g3 g6 4. Bg2 Bg7 5. e4 d6 6. Nge2 e5 7. d3 0-0 8. 0-0 Nc6 9. f4 exf4 10. Bxf4 Nh5 11. Be3 f5 12. Nf4 Nxf4 13. Bxf4 Bd4+ 14. Kh1 Qf6 15. Nd5 Qd8 16. Qd2 Be6 17. exf5 Bxf5 18. Rae1 Ne5 19. Bg5 Qb8 20. Ne7+ Kh8 21. Nxf5 gxf5 22. Bh6 Re8 23. Be3 Bxe3 24. Rxe3 Qc8 25. d4 Nxc4 26. Rxe8+ Qxe8 27. Qc3 Qb5 28. dxc5+ Ne5 29. cxd6 Rd8 30. Rd1 h6 31. h3 Kh7 32. Kh2 Qe2 33. Qc7+ Rd7 34. Qc1 1/2-1/2

[Event "DEN-ch Kort 1-2"]
[Site "Svendborg"]
[Date "2018.03.26"]
[Round "4"]
[White "Thorup, Bo Beier"]
[Black "Rasmussen, Erik Elmer"]
[Result "1-0"]
[WhiteElo "1659"]
[BlackElo "1539"]
[PlyCount "41"]
[EventDate "2018.03.24"]
[EventType "swiss"]
[EventRounds "5"]
[EventCountry "DEN"]
[SourceTitle "EXT 2023"]
[Source "ChessBase"]
[SourceDate "2022.10.05"]
[SourceVersion "1"]
[SourceVersionDate "2022.10.05"]
[SourceQuality "1"]

1. e4 d5 2. exd5 Nf6 3. d4 Nxd5 4. Nf3 Bf5 5. Bd3 Bxd3 6. Qxd3 a6 7. c4 Nf6 8. Qb3 Nc6 9. Qxb7 Na5 10. Qb4 c6 11. Bd2 e5 12. Qxa5 exd4 13. Qe5+ Qe7 14. Qxe7+ Bxe7 15. Nxd4 Kd7 16. Nc3 Bc5 17. Be3 Rhe8 18. 0-0-0 Kc7 19. Bf4+ Kb7 20. Nf5 Re4 21. Nxe4 1-0

[Event "DEN-ch Kort 1-2"]
[Site "Svendborg"]
[Date "2018.03.24"]
[Round "1"]
[White "Rasmussen, Erik Elmer"]
[Black "Andersen, Sten Bo"]
[Result "0-1"]
[WhiteElo "1539"]
[BlackElo "1398"]
[PlyCount "74"]
[EventDate "2018.03.24"]
[EventType "swiss"]
[EventRounds "5"]
[EventCountry "DEN"]
[SourceTitle "EXT 2023"]
[Source "ChessBase"]
[SourceDate "2022.10.05"]
[SourceVersion "1"]
[SourceVersionDate "2022.10.05"]
[SourceQuality "1"]

1. e4 e5 2. Bc4 Nf6 3. d4 Bb4+ 4. c3 Bd6 5. dxe5 Bxe5 6. Nf3 Qe7 7. 0-0 0-0 8. Bg5 d6 9. Nbd2 Be6 10. Qb3 b6 11. Nxe5 dxe5 12. f4 Bxc4 13. Qxc4 exf4 14. Bxf4 c5 15. Bg5 Nbd7 16. Rf3 Ne5 17. Bxf6 Nxf3+ 18. Nxf3 Qxf6 19. Rd1 Qe7 20. Rd5 Rad8 21. Re5 Qc7 22. b4 Rc8 23. b5 Rce8 24. Rf5 Re7 25. Kf2 h6 26. h4 Re6 27. g4 g6 28. Rd5 Qf4 29. g5 Rxe4 30. Qd3 c4 31. Qd1 Qe3+ 32. Kf1 Rf4 33. Kg2 Rg4+ 34. Kf1 Rg3 35. Nd4 Qg1+ 36. Ke2 Qe3+ 37. Kf1 Rg1# 0-1

[Event "Amager AMSF Gr6"]
[Site "Amager"]
[Date "2016.08.16"]
[Round "1"]
[White "Andersen, Peter"]
[Black "Rasmussen, Erik Elmer"]
[Result "1/2-1/2"]
[WhiteElo "1321"]
[BlackElo "1315"]
[PlyCount "56"]
[EventDate "2016.08.16"]
[EventType "tourn"]
[EventRounds "7"]
[EventCountry "DEN"]
[SourceTitle "EXT 2023"]
[Source "ChessBase"]
[SourceDate "2022.10.05"]
[SourceVersion "1"]
[SourceVersionDate "2022.10.05"]
[SourceQuality "1"]

1. d4 Nf6 2. c4 e6 3. Nc3 Bb4 4. Bg5 b6 5. a3 Bxc3+ 6. bxc3 Bb7 7. f3 0-0 8. e4 d6 9. Bd3 e5 10. Ne2 Nbd7 11. Qd2 h6 12. Be3 Nh7 13. h4 f6 14. Ng3 Rf7 15. Nf5 Qf8 16. Bxh6 gxh6 17. Nxh6+ Kh8 18. Nxf7+ Qxf7 19. g4 Rg8 20. Kf2 Ba6 21. Qe2 c5 22. d5 Bc8 23. Rag1 Ndf8 24. h5 Ng5 25. Ke3 Qe7 26. Qh2 Nfh7 27. Ra1 Bd7 28. a4 a5 1/2-1/2

[Event "Amager-ch"]
[Site "Amager"]
[Date "2015.09.01"]
[Round "3"]
[White "Hellegaard, Dennis"]
[Black "Rasmussen, Erik Elmer"]
[Result "1-0"]
[WhiteElo "1859"]
[BlackElo "1066"]
[PlyCount "73"]
[EventDate "2015.08.18"]
[EventType "swiss"]
[EventRounds "7"]
[EventCountry "DEN"]
[SourceTitle "EXT 2023"]
[Source "ChessBase"]
[SourceDate "2022.10.05"]
[SourceVersion "1"]
[SourceVersionDate "2022.10.05"]
[SourceQuality "1"]

1. d4 Nf6 2. c4 c5 3. d5 g6 4. g3 d6 5. Bg2 Bg7 6. Nc3 0-0 7. h3 Nbd7 8. Nf3 Re8 9. 0-0 Nb6 10. Qd3 Bf5 11. e4 Bc8 12. Re1 e6 13. Bg5 h6 14. Be3 exd5 15. exd5 Bf5 16. Qf1 h5 17. Nh4 Bd7 18. Qd3 Na4 19. Nxa4 Bxa4 20. b3 Bd7 21. Rad1 Nh7 22. Kh2 a6 23. f4 Bf6 24. Nxg6 Kg7 25. Nh4 Bxh4 26. gxh4 Qxh4 27. Rg1 Kh8 28. Qc3+ Nf6 29. Bf2 Qxf4+ 30. Bg3 Qg5 31. Rdf1 Kg7 32. Bf4 Qg6 33. Be4 Qxg1+ 34. Rxg1+ Kf8 35. Qxf6 Rxe4 36. Bh6+ Ke8 37. Rg8# 1-0

[Event "Amager-ch"]
[Site "Amager"]
[Date "2015.08.18"]
[Round "1"]
[White "Rasmussen, Erik Elmer"]
[Black "Goschal, Theodor B"]
[Result "1-0"]
[WhiteElo "1066"]
[BlackElo "1095"]
[PlyCount "75"]
[EventDate "2015.08.18"]
[EventType "swiss"]
[EventRounds "7"]
[EventCountry "DEN"]
[SourceTitle "EXT 2023"]
[Source "ChessBase"]
[SourceDate "2022.10.05"]
[SourceVersion "1"]
[SourceVersionDate "2022.10.05"]
[SourceQuality "1"]

1. e4 c5 2. Nf3 d6 3. Bc4 e6 4. Nc3 Nc6 5. d4 cxd4 6. Nxd4 Nxd4 7. Qxd4 Nf6 8. Bg5 Be7 9. 0-0-0 0-0 10. f3 e5 11. Qd2 Ne8 12. Bxe7 Qxe7 13. Nd5 Qd8 14. g4 Kh8 15. h4 f6 16. Rdg1 Nc7 17. h5 Nxd5 18. Bxd5 Rb8 19. Qe3 a6 20. b3 Qe7 21. Kb2 Be6 22. Rd1 Bxd5 23. Rxd5 b5 24. Rc1 Ra8 25. c4 b4 26. Qb6 a5 27. Qxd6 Qxd6 28. Rxd6 Rfd8 29. Rcd1 Rxd6 30. Rxd6 h6 31. c5 a4 32. c6 a3+ 33. Kc2 Rc8 34. Kd3 Kh7 35. Kc4 Rb8 36. c7 Rc8 37. Rd7 Kg8 38. Rd8+ 1-0

[Event "Amager Spring D"]
[Site "Amager"]
[Date "2015.05.05"]
[Round "2"]
[White "Kjemtrup, Niels Moller"]
[Black "Rasmussen, Erik Elmer"]
[Result "1-0"]
[WhiteElo "1160"]
[BlackElo "1088"]
[PlyCount "85"]
[EventDate "2015.04.28"]
[EventType "tourn"]
[EventRounds "5"]
[EventCountry "DEN"]
[SourceTitle "EXT 2023"]
[Source "ChessBase"]
[SourceDate "2022.10.05"]
[SourceVersion "1"]
[SourceVersionDate "2022.10.05"]
[SourceQuality "1"]

1. e4 c5 2. Nc3 d6 3. Nf3 Nc6 4. Bb5 a6 5. Bxc6+ bxc6 6. b3 g6 7. Bb2 Bg7 8. Qe2 d5 9. Na4 Bxb2 10. Nxb2 Nf6 11. e5 Ne4 12. Na4 Qa5 13. 0-0-0 c4 14. Nd4 cxb3 15. axb3 Bd7 16. f3 Nc5 17. Nxc5 Qxc5 18. c3 Qa3+ 19. Kc2 Qa5 20. Ra1 Qb6 21. e6 fxe6 22. Nxe6 Rb8 23. b4 h6 24. Rhe1 Kf7 25. Rxa6 Qb5 26. Nc5 Qxe2 27. Rxe2 Bf5+ 28. d3 Ra8 29. Rxc6 Ra2+ 30. Kd1 Rha8 31. Rxa2 Rxa2 32. b5 Ra1+ 33. Ke2 Ra2+ 34. Ke3 e5 35. b6 Ra8 36. b7 Rb8 37. g4 d4+ 38. cxd4 exd4+ 39. Kxd4 Rd8+ 40. Kc4 Bxg4 41. fxg4 h5 42. gxh5 gxh5 43. Rc8 1-0

[Event "Amager Aabne CC-ch D"]
[Site "Amager"]
[Date "2015.01.20"]
[Round "1"]
[White "Rasmussen, Erik Elmer"]
[Black "Sdun, Martin Ulrik"]
[Result "0-1"]
[WhiteElo "1093"]
[BlackElo "1304"]
[PlyCount "72"]
[EventDate "2015.01.20"]
[EventType "tourn"]
[EventRounds "7"]
[EventCountry "DEN"]
[SourceTitle "EXT 2023"]
[Source "ChessBase"]
[SourceDate "2022.10.05"]
[SourceVersion "1"]
[SourceVersionDate "2022.10.05"]
[SourceQuality "1"]

1. c4 e5 2. g3 Nf6 3. Bg2 d6 4. Nc3 Nc6 5. d3 g6 6. Bg5 Bg7 7. Nh3 h6 8. Be3 Bd7 9. 0-0 Qc8 10. Nf4 exf4 11. Bxf4 Bh3 12. f3 Bxg2 13. Kxg2 0-0 14. e4 Re8 15. Qd2 g5 16. Be3 Kh7 17. h4 gxh4 18. Rh1 Ng8 19. Rxh4 Re6 20. Rah1 Nce7 21. g4 Rg6 22. Kg3 Bxc3 23. bxc3 Qe6 24. f4 f5 25. g5 fxe4 26. Kf2 Nf5 27. R4h3 Nxe3 28. Rxe3 Rf8 29. Rxe4 Qd7 30. Qe2 Rf7 31. Qf3 Rxg5 32. Qe3 Qg4 33. Rg1 Qxg1+ 34. Ke2 Rg2+ 35. Kf3 Qf1+ 36. Qf2 Qxf2# 0-1

[Event "Amager-ch D"]
[Site "Amager"]
[Date "2014.10.21"]
[Round "7"]
[White "Madsen, Michael Leerberg"]
[Black "Rasmussen, Erik Elmer"]
[Result "1-0"]
[WhiteElo "1203"]
[BlackElo "1100"]
[PlyCount "29"]
[EventDate "2014.08.19"]
[EventType "tourn"]
[EventRounds "7"]
[EventCountry "DEN"]
[SourceTitle "EXT 2023"]
[Source "ChessBase"]
[SourceDate "2022.10.05"]
[SourceVersion "1"]
[SourceVersionDate "2022.10.05"]
[SourceQuality "1"]

1. d4 d5 2. c4 c6 3. Nf3 Bf5 4. Nc3 g6 5. cxd5 cxd5 6. Qb3 Qd7 7. Ne5 Qc8 8. Qxd5 e6 9. Qf3 Nd7 10. Nxd7 Qxd7 11. e4 Bxe4 12. Qxe4 Bg7 13. Bb5 Nf6 14. Bxd7+ Nxd7 15. Qxb7 1-0

[Event "Amager-ch D"]
[Site "Amager"]
[Date "2014.08.26"]
[Round "2"]
[White "Rasmussen, Erik Elmer"]
[Black "Kjemtrup, Niels Moller"]
[Result "0-1"]
[WhiteElo "1100"]
[BlackElo "1144"]
[PlyCount "94"]
[EventDate "2014.08.19"]
[EventType "tourn"]
[EventRounds "7"]
[EventCountry "DEN"]
[SourceTitle "EXT 2023"]
[Source "ChessBase"]
[SourceDate "2022.10.05"]
[SourceVersion "1"]
[SourceVersionDate "2022.10.05"]
[SourceQuality "1"]

1. e4 g6 2. d4 d5 3. exd5 Nf6 4. Bg5 Bg7 5. Nf3 0-0 6. c4 e6 7. Ne5 exd5 8. Nc3 dxc4 9. Bxc4 Qe8 10. 0-0 Be6 11. d5 Bf5 12. Qe2 c6 13. d6 Ne4 14. f4 Nxd6 15. Bb3 Nd7 16. Rfe1 Nc5 17. Bc2 f6 18. Bxf5 gxf5 19. Rad1 Rd8 20. Rxd6 Rxd6 21. Qc4+ Qe6 22. Qxc5 fxg5 23. fxg5 Bxe5 24. Qxe5 Qxe5 25. Rxe5 Rd2 26. b3 Rc2 27. Re3 Rd8 28. h4 Kf7 29. h5 h6 30. gxh6 Rh8 31. Rf3 Ke6 32. Re3+ Kf6 33. Rf3 Rxh6 34. Ne4+ Ke5 35. Ng5 Rxh5 36. Nf7+ Kf6 37. g4 Rhh2 38. Rxf5+ Kg6 39. Ne5+ Kh6 40. g5+ Kh5 41. g6+ Kh6 42. Ng4+ Kxg6 43. Rf2 Rhxf2 44. Nxf2 Rxa2 45. Nd3 Ra3 46. Nc5 b6 47. Nd7 Rxb3 0-1